Sebadisciplínou k osobnému rozvoju
Definícia sebadisciplíny. Sebadisciplína je zvyk. Prevziať zodpovednosť. Sebadisciplína v práci.
Guardado en:
| Autor principal: | |
|---|---|
| Formato: | Capítulo de libro |
| Lenguaje: | eslovaco |
| Materias: | |
| Etiquetas: |
Sin Etiquetas, Sea el primero en etiquetar este registro!
|
MARC
| LEADER | 00000naa a2200000 4500 | ||
|---|---|---|---|
| 001 | 0228266 | ||
| 005 | 20220805074305.5 | ||
| 041 | 0 | |a slo | |
| 044 | |a SK | ||
| 245 | 1 | 0 | |a Sebadisciplínou k osobnému rozvoju |c Jana Jarošová |
| 520 | |a Definícia sebadisciplíny. Sebadisciplína je zvyk. Prevziať zodpovednosť. Sebadisciplína v práci. | ||
| 610 | 2 | 0 | |a psychológia |
| 610 | 2 | 0 | |a sebakontrola |
| 610 | 2 | 0 | |a sebariadenie |
| 610 | 2 | 0 | |a sebarealizácia |
| 100 | 1 | |a Jarošová, Jana | |